000 00780nam a2200229 i 4500
001 13517
003 ES-MaACL
005 20260114063017.0
007 t|
008 980427s1992 sp ||||1| spa d
020 _a84-606-1102-7
080 _a726.54(460.27 M.)
100 1 _aBuendía, José Rogelio,
_d1928-
_932366
245 1 3 _aLa ermita de San Antonio de la Florida
_b: historia e itinerario artístico /
_cJosé Rogelio Buendía.
260 _aMadrid :
_bMuseos Municipales,
_c1992.
300 _a94 p. :
_bil. col. y n. ;
_c24 cm.
504 _aBibliografía : p. 92-94.
610 2 7 _aErmita de San Antonio de la Florida (Madrid)
_93505
710 2 _aMuseos Municipales (Madrid)
_95931
852 _aES-MaACL
_jL-20870
_bR.126531
999 _c13517
_d13517